[Event "Королевский Гамбит. Южный Федеральный округ."]
[Date "2025-11-21"]
[Round "3.12"]
[Board "12"]
[White "Королева Лидия"]
[WhiteElo "1009"]
[Black "Моргунова Инна"]
[BlackElo "1010"]
[WebSite "https://www.chessopen.ru"]
[GameId "82db847d-34c1-4e70-b72b-5cf668cb0510"]
[Result "1-0"]

1. d4 { [%clk 0:09:32] } d6 { [%clk 0:09:58] } 2. e4 { [%clk 0:09:34] } Nc6 {
[%clk 0:09:55] } 3. Ne2 { [%clk 0:09:22] } Nf6 { [%clk 0:09:55] } 4. Nec3 {
[%clk 0:09:22] } b6 { [%clk 0:09:48] } 5. Na3 { [%clk 0:09:10] } Qd7 { [%clk
0:09:33] } 6. h4 { [%clk 0:09:05] } g6 { [%clk 0:09:19] } 7. Rh3 { [%clk
0:08:59] } Bb7 { [%clk 0:08:36] } 8. Rg3 { [%clk 0:08:54] } O-O-O { [%clk
0:08:35] } 9. Nd5 { [%clk 0:08:47] } Nxd5 { [%clk 0:08:28] } 10. exd5 { [%clk
0:08:46] } Na5 { [%clk 0:08:09] } 11. Qg4 { [%clk 0:08:24] } e6 { [%clk
0:07:46] } 12. Bg5 { [%clk 0:08:07] } Bxd5 { [%clk 0:07:28] } 13. Bxd8 { [%clk
0:07:57] } Kxd8 { [%clk 0:07:20] } 14. c4 { [%clk 0:07:51] } Be4 { [%clk
0:06:49] } 15. Qxe4 { [%clk 0:07:45] } Bh6 { [%clk 0:06:42] } 16. f4 { [%clk
0:07:23] } Qa4 { [%clk 0:06:09] } 17. Rc1 { [%clk 0:07:07] } Qb4+ { [%clk
0:06:07] } 18. Rcc3 { [%clk 0:07:01] } Qxb2 { [%clk 0:05:46] } 19. Be2 { [%clk
0:06:32] } f5 { [%clk 0:05:33] } 20. Qxe6 { [%clk 0:06:17] } Re8 { [%clk
0:05:07] } 21. Qd5 { [%clk 0:05:40] } Rxe2+ { [%clk 0:05:05] } 22. Kd1 { [%clk
0:05:23] } Qa1+ { [%clk 0:04:55] } 23. Kxe2 { [%clk 0:05:24] } Bxf4 { [%clk
0:04:40] } 24. Qg8+ { [%clk 0:05:12] } Kd7 { [%clk 0:04:36] } 25. Qxh7+ { [%clk
0:05:11] } Kc6 { [%clk 0:04:16] } 26. Rcf3 { [%clk 0:04:46] } Bxg3 { [%clk
0:03:59] } 27. Qxg6 { [%clk 0:04:38] } Bxh4 { [%clk 0:03:44] } 28. Qg7 { [%clk
0:04:31] } Qxa2+ { [%clk 0:03:36] } 29. Kf1 { [%clk 0:04:14] } Nb3 { [%clk
0:02:27] } 30. Rxf5 { [%clk 0:04:00] } Nd2+ { [%clk 0:02:16] } 31. Ke2 { [%clk
0:03:50] } Nb1+ { [%clk 0:01:40] } 32. Ke3 { [%clk 0:03:42] } Qxa3+ { [%clk
0:01:15] } 33. Kf4 { [%clk 0:03:40] } Qc1+ { [%clk 0:01:01] } 34. Kg4 { [%clk
0:03:38] } Be1 { [%clk 0:00:53] } 35. Kh5 { [%clk 0:03:33] } Qd1+ { [%clk
0:00:50] } 36. Kh6 { [%clk 0:03:28] } Bc3 { [%clk 0:00:47] } 37. Rf7 { [%clk
0:03:22] } Qc1+ { [%clk 0:00:44] } 38. Kh7 { [%clk 0:03:20] } Qh1+ { [%clk
0:00:44] } 39. Kg8 { [%clk 0:03:22] } Qd1 { [%clk 0:00:40] } 40. Rxc7# { [%clk
0:03:23] } 1-0

[Event "Королевский Гамбит. Южный Федеральный округ."]
[Date "2025-11-21"]
[Round "4.1"]
[Board "1"]
[White "Балакин Данил"]
[WhiteElo "971"]
[Black "Ширшов Светослав"]
[BlackElo "1020"]
[WebSite "https://www.chessopen.ru"]
[GameId "928f6524-afbd-4907-ba07-ce85a2169114"]
[Result "0-1"]

1. e4 { [%clk 0:10:00] } e5 { [%clk 0:09:59] } 2. Nf3 { [%clk 0:10:00] } Nc6 {
[%clk 0:10:00] } 3. Nc3 { [%clk 0:09:57] } Nf6 { [%clk 0:10:01] } 4. Bc4 {
[%clk 0:09:48] } Bc5 { [%clk 0:10:02] } 5. O-O { [%clk 0:09:45] } Ng4 { [%clk
0:10:01] } 6. h3 { [%clk 0:09:43] } Nxf2 { [%clk 0:10:00] } 7. Qe1 { [%clk
0:09:42] } Nd3+ { [%clk 0:10:00] } 8. Kh1 { [%clk 0:09:29] } Nxe1 { [%clk
0:10:00] } 9. Rxe1 { [%clk 0:09:28] } Nd4 { [%clk 0:10:00] } 10. Nxd4 { [%clk
0:09:25] } Bxd4 { [%clk 0:09:59] } 11. Nb5 { [%clk 0:09:23] } O-O { [%clk
0:09:58] } 12. c3 { [%clk 0:09:21] } Bf2 { [%clk 0:09:56] } 13. Rf1 { [%clk
0:09:17] } Bh4 { [%clk 0:09:52] } 14. d4 { [%clk 0:09:17] } exd4 { [%clk
0:09:52] } 15. cxd4 { [%clk 0:09:17] } c6 { [%clk 0:09:52] } 16. Nc3 { [%clk
0:09:13] } Bg5 { [%clk 0:09:39] } 17. Bxg5 { [%clk 0:09:04] } Qxg5 { [%clk
0:09:40] } 18. d5 { [%clk 0:09:05] } cxd5 { [%clk 0:09:39] } 19. exd5 { [%clk
0:09:04] } a6 { [%clk 0:09:31] } 20. Ne4 { [%clk 0:09:03] } Qe3 { [%clk
0:09:16] } 21. Nd6 { [%clk 0:08:59] } b5 { [%clk 0:09:07] } 22. Rf3 { [%clk
0:08:51] } Qc5 { [%clk 0:09:02] } 23. Bd3 { [%clk 0:08:41] } Qxd6 { [%clk
0:08:50] } 24. Raf1 { [%clk 0:08:30] } Bb7 { [%clk 0:08:44] } 25. Rf5 { [%clk
0:08:22] } Bxd5 { [%clk 0:08:39] } 26. Rh5 { [%clk 0:08:16] } g6 { [%clk
0:08:34] } 27. Rh6 { [%clk 0:08:12] } Qc6 { [%clk 0:08:24] } 28. Rf4 { [%clk
0:07:40] } Qc1+ { [%clk 0:08:20] } 29. Kh2 { [%clk 0:07:35] } Qxf4+ { [%clk
0:08:17] } 30. Kg1 { [%clk 0:07:32] } Qxh6 { [%clk 0:08:18] } 31. b3 { [%clk
0:07:19] } Qg5 { [%clk 0:08:14] } 32. Kf1 { [%clk 0:07:03] } Qxg2+ { [%clk
0:08:13] } 33. Ke1 { [%clk 0:07:02] } Rfe8+ { [%clk 0:08:12] } 34. Kd1 { [%clk
0:07:01] } Bf3+ { [%clk 0:08:11] } 35. Kc1 { [%clk 0:07:01] } Rac8+ { [%clk
0:08:09] } 36. Kb1 { [%clk 0:07:00] } Re1# { [%clk 0:08:08] } 0-1

[Event "Королевский Гамбит. Южный Федеральный округ."]
[Date "2025-11-21"]
[Round "4.1"]
[Board "1"]
[White "Гончаров Константин"]
[WhiteElo "1029"]
[Black "Твердов Ратмир"]
[BlackElo "1029"]
[WebSite "https://www.chessopen.ru"]
[GameId "f26e34c9-4732-4faf-9c88-457da9348f31"]
[Result "0-1"]

1. e4 { [%clk 0:10:01] } e5 { [%clk 0:10:01] } 2. Nf3 { [%clk 0:10:02] } Nc6 {
[%clk 0:10:03] } 3. Nc3 { [%clk 0:10:02] } Nf6 { [%clk 0:10:03] } 4. Nxe5 {
[%clk 0:10:03] } Nxe5 { [%clk 0:09:51] } 5. d4 { [%clk 0:10:03] } Ng6 { [%clk
0:09:51] } 6. e5 { [%clk 0:10:02] } Ng8 { [%clk 0:09:46] } 7. Bc4 { [%clk
0:10:02] } c6 { [%clk 0:09:41] } 8. Qf3 { [%clk 0:10:01] } d5 { [%clk 0:09:32]
} 9. exd6 { [%clk 0:10:02] } Be6 { [%clk 0:09:28] } 10. Bxe6 { [%clk 0:09:46] }
fxe6 { [%clk 0:09:23] } 11. Ne4 { [%clk 0:09:41] } Nf6 { [%clk 0:09:19] } 12.
Nxf6+ { [%clk 0:09:36] } Qxf6 { [%clk 0:09:15] } 13. Qb3 { [%clk 0:09:19] }
O-O-O { [%clk 0:08:58] } 14. O-O { [%clk 0:08:53] } Bxd6 { [%clk 0:08:57] } 15.
Re1 { [%clk 0:08:47] } Rde8 { [%clk 0:08:47] } 16. Be3 { [%clk 0:08:24] } Rhf8
{ [%clk 0:08:41] } 17. d5 { [%clk 0:08:23] } exd5 { [%clk 0:08:33] } 18. Bxa7 {
[%clk 0:08:23] } Qh4 { [%clk 0:07:58] } 19. h3 { [%clk 0:08:01] } Qf6 { [%clk
0:07:32] } 20. Qa4 { [%clk 0:07:22] } Qf4 { [%clk 0:07:04] } 21. g3 { [%clk
0:07:04] } Qxa4 { [%clk 0:07:05] } 22. Be3 { [%clk 0:07:02] } Qxc2 { [%clk
0:06:57] } 23. Rac1 { [%clk 0:06:26] } Qxb2 { [%clk 0:06:57] } 24. Rb1 { [%clk
0:06:28] } Qxa2 { [%clk 0:06:52] } 25. Ra1 { [%clk 0:06:29] } Qc2 { [%clk
0:06:52] } 26. Ra8+ { [%clk 0:06:14] } Bb8 { [%clk 0:06:52] } 27. Raa1 { [%clk
0:06:00] } Rxe3 { [%clk 0:06:51] } 28. fxe3 { [%clk 0:06:00] } Qf2+ { [%clk
0:06:51] } 29. Kh1 { [%clk 0:06:01] } Qf3+ { [%clk 0:06:50] } 30. Kg1 { [%clk
0:05:58] } Qxg3+ { [%clk 0:06:52] } 31. Kh1 { [%clk 0:06:00] } Qh2# { [%clk
0:06:53] } 0-1

[Event "Королевский Гамбит. Южный Федеральный округ."]
[Date "2025-11-21"]
[Round "4.1"]
[Board "1"]
[White "Дегтярюк Станислав"]
[WhiteElo "981"]
[Black "Игнатьев Матвей"]
[BlackElo "972"]
[WebSite "https://www.chessopen.ru"]
[GameId "e74e1ddb-035f-41ec-938f-75549538ef14"]
[Result "0-1"]

1. d4 { [%clk 0:09:54] } e6 { [%clk 0:09:53] } 2. Nf3 { [%clk 0:09:49] } Qf6 {
[%clk 0:09:47] } 3. Bg5 { [%clk 0:09:46] } Qf5 { [%clk 0:09:34] } 4. Nc3 {
[%clk 0:09:31] } Bb4 { [%clk 0:09:29] } 5. e4 { [%clk 0:09:27] } Bxc3+ { [%clk
0:09:11] } 6. bxc3 { [%clk 0:09:19] } Qxe4+ { [%clk 0:09:05] } 7. Be2 { [%clk
0:09:04] } Qc6 { [%clk 0:08:41] } 8. O-O { [%clk 0:09:01] } Nf6 { [%clk
0:08:24] } 9. Ne5 { [%clk 0:08:59] } Qxc3 { [%clk 0:08:20] } 10. Bxf6 { [%clk
0:08:53] } gxf6 { [%clk 0:08:01] } 11. Nf3 { [%clk 0:08:49] } d5 { [%clk
0:07:54] } 12. Bb5+ { [%clk 0:08:44] } Bd7 { [%clk 0:07:50] } 13. Bxd7+ { [%clk
0:08:34] } Nxd7 { [%clk 0:07:43] } 14. Qb1 { [%clk 0:08:26] } Nb6 { [%clk
0:07:26] } 15. a4 { [%clk 0:08:21] } a5 { [%clk 0:06:56] } 16. Qb5+ { [%clk
0:08:05] } Qc6 { [%clk 0:06:45] } 17. Qe2 { [%clk 0:07:58] } Rg8 { [%clk
0:06:30] } 18. Nh4 { [%clk 0:07:57] } Qc4 { [%clk 0:06:18] } 19. Qf3 { [%clk
0:07:56] } Qxd4 { [%clk 0:06:15] } 20. c3 { [%clk 0:07:36] } Qxh4 { [%clk
0:06:07] } 21. g3 { [%clk 0:07:34] } Qe4 { [%clk 0:06:06] } 22. Qxf6 { [%clk
0:07:17] } Nd7 { [%clk 0:05:13] } 23. Qh6 { [%clk 0:06:55] } O-O-O { [%clk
0:04:50] } 24. Rab1 { [%clk 0:06:48] } b6 { [%clk 0:04:46] } 25. Rbc1 { [%clk
0:06:42] } Rg6 { [%clk 0:04:23] } 26. Qxh7 { [%clk 0:06:31] } Rxg3+ { [%clk
0:04:15] } 27. fxg3 { [%clk 0:06:29] } Qxh7 { [%clk 0:04:09] } 28. c4 { [%clk
0:06:27] } dxc4 { [%clk 0:03:51] } 29. Rxc4 { [%clk 0:06:28] } Nc5 { [%clk
0:03:52] } 30. Rcf4 { [%clk 0:06:26] } Rd2 { [%clk 0:03:51] } 31. Rxf7 { [%clk
0:06:25] } Qxh2# { [%clk 0:03:50] } 0-1

[Event "Королевский Гамбит. Южный Федеральный округ."]
[Date "2025-11-21"]
[Round "4.1"]
[Board "1"]
[White "Зиновьев Владислав"]
[WhiteElo "991"]
[Black "Левченко Владимир"]
[BlackElo "990"]
[WebSite "https://www.chessopen.ru"]
[GameId "7cbf32f6-c7a1-49eb-a381-c4d1166e65f5"]
[Result "1-0"]

1. e4 { [%clk 0:10:01] } e5 { [%clk 0:10:00] } 2. Nf3 { [%clk 0:10:02] } Nc6 {
[%clk 0:09:55] } 3. Bb5 { [%clk 0:10:03] } Nd4 { [%clk 0:09:53] } 4. Bc4 {
[%clk 0:10:04] } d6 { [%clk 0:09:45] } 5. c3 { [%clk 0:09:59] } Nxf3+ { [%clk
0:09:42] } 6. Qxf3 { [%clk 0:10:02] } Nf6 { [%clk 0:09:36] } 7. h3 { [%clk
0:10:01] } Be7 { [%clk 0:09:21] } 8. O-O { [%clk 0:09:58] } O-O { [%clk
0:09:20] } 9. Re1 { [%clk 0:09:55] } c6 { [%clk 0:09:20] } 10. d4 { [%clk
0:09:51] } Nd7 { [%clk 0:09:08] } 11. Be3 { [%clk 0:09:36] } d5 { [%clk
0:09:06] } 12. exd5 { [%clk 0:09:37] } cxd5 { [%clk 0:08:48] } 13. Bxd5 { [%clk
0:09:33] } Nf6 { [%clk 0:08:46] } 14. Bb3 { [%clk 0:09:31] } Bf5 { [%clk
0:08:32] } 15. Qxf5 { [%clk 0:09:19] } g6 { [%clk 0:08:12] } 16. Qf3 { [%clk
0:09:09] } exd4 { [%clk 0:08:02] } 17. Bxd4 { [%clk 0:09:08] } Re8 { [%clk
0:07:17] } 18. Nd2 { [%clk 0:09:06] } Bd6 { [%clk 0:07:12] } 19. Bxf6 { [%clk
0:08:56] } Qd7 { [%clk 0:07:02] } 20. Bd4 { [%clk 0:08:44] } Rxe1+ { [%clk
0:06:47] } 21. Rxe1 { [%clk 0:08:47] } Re8 { [%clk 0:06:46] } 22. Rxe8+ { [%clk
0:08:38] } Qxe8 { [%clk 0:06:44] } 23. Qxf7+ { [%clk 0:08:30] } Qxf7 { [%clk
0:06:35] } 24. Bxf7+ { [%clk 0:08:32] } Kxf7 { [%clk 0:06:35] } 25. Nc4 { [%clk
0:08:28] } Bf4 { [%clk 0:06:28] } 26. Be3 { [%clk 0:08:20] } Bxe3 { [%clk
0:06:27] } 27. Nxe3 { [%clk 0:08:23] } Ke6 { [%clk 0:06:21] } 28. f4 { [%clk
0:08:24] } b6 { [%clk 0:06:22] } 29. Kf2 { [%clk 0:08:25] } b5 { [%clk 0:06:18]
} 30. Kf3 { [%clk 0:08:24] } a5 { [%clk 0:06:16] } 31. Ke4 { [%clk 0:08:25] }
Kd6 { [%clk 0:06:15] } 32. b4 { [%clk 0:08:21] } axb4 { [%clk 0:06:12] } 33.
cxb4 { [%clk 0:08:24] } Kc6 { [%clk 0:06:04] } 34. Nd5 { [%clk 0:08:24] } Kd6 {
[%clk 0:06:02] } 35. Nf6 { [%clk 0:08:24] } Kc6 { [%clk 0:05:45] } 36. Nxh7 {
[%clk 0:08:24] } Kb6 { [%clk 0:05:39] } 37. Nf8 { [%clk 0:08:18] } Kc6 { [%clk
0:05:36] } 38. Nxg6 { [%clk 0:08:18] } Kd7 { [%clk 0:05:35] } 39. f5 { [%clk
0:08:16] } Ke8 { [%clk 0:05:34] } 40. Ne5 { [%clk 0:08:14] } Kf8 { [%clk
0:05:33] } 41. f6 { [%clk 0:08:15] } Ke8 { [%clk 0:05:28] } 42. Kd5 { [%clk
0:08:15] } Kf8 { [%clk 0:05:27] } 43. Ke6 { [%clk 0:08:16] } Ke8 { [%clk
0:05:25] } 44. f7+ { [%clk 0:08:17] } Kf8 { [%clk 0:05:25] } 45. a4 { [%clk
0:08:15] } bxa4 { [%clk 0:05:25] } 46. Kf6 { [%clk 0:08:17] } a3 { [%clk
0:04:48] } 47. Nd7# { [%clk 0:08:20] } 1-0

[Event "Королевский Гамбит. Южный Федеральный округ."]
[Date "2025-11-21"]
[Round "4.1"]
[Board "1"]
[White "Кобызев Ярослав"]
[WhiteElo "970"]
[Black "Мартиросянц Арман"]
[BlackElo "1028"]
[WebSite "https://www.chessopen.ru"]
[GameId "b456c764-4f77-4bde-b3f2-9e53960de9d0"]
[Result "0-1"]

1. e4 { [%clk 0:10:00] } e5 { [%clk 0:10:01] } 2. Nf3 { [%clk 0:10:01] } Nc6 {
[%clk 0:10:03] } 3. Bc4 { [%clk 0:09:58] } Bc5 { [%clk 0:10:03] } 4. O-O {
[%clk 0:09:53] } Nf6 { [%clk 0:09:59] } 5. Nc3 { [%clk 0:09:53] } O-O { [%clk
0:09:59] } 6. h3 { [%clk 0:09:51] } h6 { [%clk 0:10:00] } 7. a3 { [%clk
0:09:46] } d6 { [%clk 0:09:55] } 8. b4 { [%clk 0:09:47] } Bb6 { [%clk 0:09:55]
} 9. Nb5 { [%clk 0:09:37] } a6 { [%clk 0:09:56] } 10. Ng5 { [%clk 0:09:26] }
hxg5 { [%clk 0:09:56] } 11. Bd5 { [%clk 0:09:09] } axb5 { [%clk 0:09:56] } 12.
Bxc6 { [%clk 0:09:07] } bxc6 { [%clk 0:09:55] } 13. Qf3 { [%clk 0:09:01] } d5 {
[%clk 0:09:44] } 14. exd5 { [%clk 0:08:59] } Qxd5 { [%clk 0:09:44] } 15. Qxd5 {
[%clk 0:08:31] } cxd5 { [%clk 0:09:45] } 16. Re1 { [%clk 0:08:31] } Re8 { [%clk
0:09:44] } 17. Bb2 { [%clk 0:08:24] } Ne4 { [%clk 0:09:43] } 18. d3 { [%clk
0:08:20] } Nxf2 { [%clk 0:09:41] } 19. Bxe5 { [%clk 0:08:15] } Nxd3+ { [%clk
0:09:41] } 20. Kf1 { [%clk 0:07:56] } Nxe1 { [%clk 0:09:41] } 21. Rxe1 { [%clk
0:07:55] } f6 { [%clk 0:09:38] } 22. Bxc7 { [%clk 0:07:56] } Rxe1+ { [%clk
0:09:28] } 23. Kxe1 { [%clk 0:07:53] } Bxc7 { [%clk 0:09:28] } 24. Kf1 { [%clk
0:07:52] } Rxa3 { [%clk 0:09:27] } 25. Kg1 { [%clk 0:07:51] } Bd6 { [%clk
0:09:22] } 26. Kf2 { [%clk 0:07:47] } Bxb4 { [%clk 0:09:24] } 27. Ke2 { [%clk
0:07:47] } Ra2 { [%clk 0:09:24] } 28. Ke3 { [%clk 0:07:47] } Rxc2 { [%clk
0:09:24] } 29. Kd3 { [%clk 0:07:48] } Rxg2 { [%clk 0:09:24] } 30. Ke3 { [%clk
0:07:43] } Rg3+ { [%clk 0:09:25] } 31. Kf2 { [%clk 0:07:44] } Rxh3 { [%clk
0:09:26] } 32. Kg2 { [%clk 0:07:45] } Re3 { [%clk 0:09:25] } 33. Kf2 { [%clk
0:07:45] } Re5 { [%clk 0:09:17] } 34. Kf3 { [%clk 0:07:44] } d4 { [%clk
0:09:17] } 35. Kg3 { [%clk 0:07:44] } d3 { [%clk 0:09:20] } 36. Kf2 { [%clk
0:07:44] } d2 { [%clk 0:09:23] } 37. Kf3 { [%clk 0:07:43] } d1=Q+ { [%clk
0:09:25] } 38. Kg3 { [%clk 0:07:37] } Qd3+ { [%clk 0:09:22] } 39. Kf2 { [%clk
0:07:33] } Re2+ { [%clk 0:09:23] } 40. Kf1 { [%clk 0:07:32] } Qd1# { [%clk
0:09:22] } 0-1

[Event "Королевский Гамбит. Южный Федеральный округ."]
[Date "2025-11-21"]
[Round "4.1"]
[Board "1"]
[White "Шалай Мирослав"]
[WhiteElo "1019"]
[Black "Витченко Денис"]
[BlackElo "991"]
[WebSite "https://www.chessopen.ru"]
[GameId "f443b3e5-4041-4878-a50e-3beaba8573b8"]
[Result "1-0"]

1. d4 { [%clk 0:08:05] } d5 { [%clk 0:09:42] } 2. Bf4 { [%clk 0:08:04] } Nf6 {
[%clk 0:09:39] } 3. e3 { [%clk 0:08:06] } Bf5 { [%clk 0:09:34] } 4. Nd2 { [%clk
0:08:06] } e6 { [%clk 0:09:29] } 5. Ngf3 { [%clk 0:08:05] } Bb4 { [%clk
0:08:46] } 6. Bd3 { [%clk 0:08:03] } O-O { [%clk 0:08:37] } 7. c3 { [%clk
0:08:02] } Bd6 { [%clk 0:08:29] } 8. Bxd6 { [%clk 0:08:01] } cxd6 { [%clk
0:08:30] } 9. Bxf5 { [%clk 0:07:58] } exf5 { [%clk 0:08:31] } 10. Nh4 { [%clk
0:07:54] } Ng4 { [%clk 0:08:17] } 11. Nxf5 { [%clk 0:07:52] } h6 { [%clk
0:08:00] } 12. Qxg4 { [%clk 0:07:51] } Qf6 { [%clk 0:07:53] } 13. Qh4 { [%clk
0:07:45] } Qxf5 { [%clk 0:07:48] } 14. Qe7 { [%clk 0:07:30] } Qf6 { [%clk
0:07:46] } 15. Qxb7 { [%clk 0:07:24] } Nd7 { [%clk 0:07:29] } 16. Qxd7 { [%clk
0:07:23] } Rad8 { [%clk 0:07:29] } 17. Qxa7 { [%clk 0:07:19] } Qe7 { [%clk
0:07:28] } 18. Qxe7 { [%clk 0:07:17] } Rde8 { [%clk 0:07:29] } 19. Qxd6 { [%clk
0:07:14] } Rd8 { [%clk 0:07:28] } 20. Qc7 { [%clk 0:07:13] } Kh7 { [%clk
0:07:19] } 21. O-O { [%clk 0:07:01] } Rfe8 { [%clk 0:07:16] } 22. Qxf7 { [%clk
0:06:57] } Rf8 { [%clk 0:07:14] } 23. Qxf8 { [%clk 0:06:53] } Rxf8 { [%clk
0:07:13] } 24. Rfc1 { [%clk 0:06:53] } g5 { [%clk 0:07:12] } 25. c4 { [%clk
0:06:56] } dxc4 { [%clk 0:07:07] } 26. Rxc4 { [%clk 0:06:59] } Rf6 { [%clk
0:07:01] } 27. a4 { [%clk 0:07:02] } h5 { [%clk 0:07:00] } 28. a5 { [%clk
0:07:02] } h4 { [%clk 0:06:59] } 29. a6 { [%clk 0:07:04] } Kg6 { [%clk 0:06:45]
} 30. a7 { [%clk 0:07:07] } Rf8 { [%clk 0:06:42] } 31. a8=Q { [%clk 0:07:09] }
Rxa8 { [%clk 0:06:42] } 32. Rxa8 { [%clk 0:07:12] } g4 { [%clk 0:06:38] } 33.
h3 { [%clk 0:07:09] } Kh5 { [%clk 0:06:38] } 34. hxg4+ { [%clk 0:07:08] } Kxg4
{ [%clk 0:06:39] } 35. d5+ { [%clk 0:07:10] } Kh5 { [%clk 0:06:30] } 36. d6 {
[%clk 0:07:12] } h3 { [%clk 0:06:31] } 37. d7 { [%clk 0:07:14] } hxg2 { [%clk
0:06:26] } 38. Kxg2 { [%clk 0:07:15] } Kg5 { [%clk 0:06:27] } 39. d8=Q+ { [%clk
0:07:13] } Kf5 { [%clk 0:06:28] } 40. Qd7+ { [%clk 0:07:07] } Ke5 { [%clk
0:06:28] } 41. Qd6+ { [%clk 0:07:08] } Kf5 { [%clk 0:06:29] } 42. Ra5# { [%clk
0:06:56] } 1-0

[Event "Королевский Гамбит. Южный Федеральный округ."]
[Date "2025-11-21"]
[Round "4.2"]
[Board "2"]
[White "Дьяченко Владислав"]
[WhiteElo "991"]
[Black "Любимов Иван"]
[BlackElo "1000"]
[WebSite "https://www.chessopen.ru"]
[GameId "37a9cc7c-3097-4c6b-8a98-b0917fe6d3e3"]
[Result "0-1"]

1. e4 { [%clk 0:10:00] } e5 { [%clk 0:09:58] } 2. Bc4 { [%clk 0:10:01] } c6 {
[%clk 0:09:48] } 3. Qh5 { [%clk 0:09:59] } d5 { [%clk 0:09:46] } 4. exd5 {
[%clk 0:09:45] } cxd5 { [%clk 0:09:45] } 5. Bb3 { [%clk 0:09:42] } Nf6 { [%clk
0:09:43] } 6. Qxe5+ { [%clk 0:09:40] } Be7 { [%clk 0:09:22] } 7. Ba4+ { [%clk
0:09:25] } Bd7 { [%clk 0:09:18] } 8. Bxd7+ { [%clk 0:09:19] } Qxd7 { [%clk
0:09:07] } 9. Qe2 { [%clk 0:09:09] } Qe6 { [%clk 0:09:06] } 10. d3 { [%clk
0:08:55] } Qxe2+ { [%clk 0:09:01] } 11. Nxe2 { [%clk 0:08:55] } Nc6 { [%clk
0:08:48] } 12. Nbc3 { [%clk 0:08:54] } Nb4 { [%clk 0:08:38] } 13. a3 { [%clk
0:08:48] } Nxc2+ { [%clk 0:08:37] } 14. Kf1 { [%clk 0:08:47] } Nxa1 { [%clk
0:08:37] } 15. Bg5 { [%clk 0:08:45] } Nb3 { [%clk 0:08:33] } 16. g3 { [%clk
0:08:41] } h6 { [%clk 0:08:24] } 17. Be3 { [%clk 0:08:31] } Ng4 { [%clk
0:08:20] } 18. Nxd5 { [%clk 0:08:19] } Nxe3+ { [%clk 0:08:13] } 19. Nxe3 {
[%clk 0:08:19] } O-O { [%clk 0:08:00] } 20. Nd5 { [%clk 0:07:59] } Rfe8 { [%clk
0:07:45] } 21. Nc7 { [%clk 0:07:45] } Reb8 { [%clk 0:07:41] } 22. Nxa8 { [%clk
0:07:46] } Rxa8 { [%clk 0:07:42] } 23. Kg2 { [%clk 0:07:17] } Rd8 { [%clk
0:07:08] } 24. d4 { [%clk 0:07:17] } Nxd4 { [%clk 0:06:57] } 25. Rd1 { [%clk
0:07:09] } Nxe2 { [%clk 0:06:56] } 26. Re1 { [%clk 0:07:01] } Rd2 { [%clk
0:06:51] } 27. Kf3 { [%clk 0:06:54] } Rxb2 { [%clk 0:06:41] } 28. Rxe2 { [%clk
0:06:46] } Rxe2 { [%clk 0:06:35] } 29. Kxe2 { [%clk 0:06:48] } Bxa3 { [%clk
0:06:37] } 30. f3 { [%clk 0:06:24] } b5 { [%clk 0:06:33] } 31. Kd2 { [%clk
0:06:24] } b4 { [%clk 0:06:32] } 32. Kc2 { [%clk 0:06:24] } f6 { [%clk 0:06:24]
} 33. Kb3 { [%clk 0:06:24] } Bc1 { [%clk 0:06:23] } 34. Kxb4 { [%clk 0:06:23] }
Bd2+ { [%clk 0:06:16] } 35. Kc4 { [%clk 0:06:20] } a5 { [%clk 0:06:13] } 36.
Kd3 { [%clk 0:06:17] } Bb4 { [%clk 0:06:07] } 37. Kc2 { [%clk 0:06:15] } Kf7 {
[%clk 0:06:07] } 38. Kb3 { [%clk 0:06:16] } Ke6 { [%clk 0:06:07] } 39. Ka4 {
[%clk 0:06:16] } Kd5 { [%clk 0:06:08] } 40. f4 { [%clk 0:06:14] } Kd4 { [%clk
0:06:11] } 41. g4 { [%clk 0:06:11] } Ke4 { [%clk 0:06:11] } 42. f5 { [%clk
0:06:10] } Kf4 { [%clk 0:06:11] } 43. h3 { [%clk 0:06:11] } Kg3 { [%clk
0:06:10] } 44. h4 { [%clk 0:06:07] } Kxg4 { [%clk 0:06:10] } 45. h5 { [%clk
0:06:03] } Kxh5 { [%clk 0:06:03] } 46. Kb3 { [%clk 0:06:04] } Kg5 { [%clk
0:06:03] } 47. Kc4 { [%clk 0:06:04] } Kxf5 { [%clk 0:06:03] } 48. Kd5 { [%clk
0:06:05] } a4 { [%clk 0:06:03] } 49. Kc4 { [%clk 0:06:05] } g5 { [%clk 0:05:56]
} 50. Kxb4 { [%clk 0:06:03] } g4 { [%clk 0:05:57] } 51. Kc3 { [%clk 0:06:03] }
g3 { [%clk 0:05:58] } 52. Kd2 { [%clk 0:06:04] } g2 { [%clk 0:06:00] } 53. Ke1
{ [%clk 0:06:05] } g1=Q+ { [%clk 0:06:00] } 54. Ke2 { [%clk 0:06:06] } Qg3 {
[%clk 0:05:55] } 55. Kd2 { [%clk 0:06:06] } Qf3 { [%clk 0:05:53] } 56. Kc2 {
[%clk 0:06:08] } Qe3 { [%clk 0:05:53] } 57. Kb2 { [%clk 0:06:08] } Qd3 { [%clk
0:05:52] } 58. Kc1 { [%clk 0:06:07] } Qe2 { [%clk 0:05:52] } 59. Kb1 { [%clk
0:06:08] } Qd2 { [%clk 0:05:53] } 60. Ka1 { [%clk 0:06:09] } Ke4 { [%clk
0:05:54] } 61. Kb1 { [%clk 0:06:10] } Kd3 { [%clk 0:05:55] } 62. Ka1 { [%clk
0:06:09] } Kc3 { [%clk 0:05:56] } 63. Kb1 { [%clk 0:06:06] } Qb2# { [%clk
0:05:52] } 0-1